Chanteurs et groupes par lettre - T - Statistiques

Statistiques générales
  • Ce quiz a été pris 697 fois
  • Le résultat moyen est 8 sur 18
Statistiques - réponses
Période d'activité Pays Chansons Groupe ou artiste % Correct
2011 - Flag of Israel Le Sens de la vie | Le Passé Tal
92%
1976 - 1986 Cendrillon | Ça (c'est vraiment toi) Téléphone
79%
1995 - L'hymne de nos campagnes | Désolé pour hier soir Tryo
70%
2006 - We Are Never Ever Getting Back Together | Blank Space Taylor Swift
64%
2009 - Stressed Out | Heathens Twenty One Pilots
64%
1978 - 2019 Africa | Hold the Line Toto
53%
2015 - Sicko Mode | Goosebumps Travis Scott
49%
1932 - 1982 Petit Papa Noël | Les pêcheurs de perles Tino Rossi
43%
1998 - 2005 2015- Hey Oh | Sexy pour moi! Tragédie
43%
2002 - Lady Mélody | Je me balade Tom Frager
40%
1982 - 1994 Le jerk | Poupée psychédélique Thierry Hazard
39%
1991 - 1996 California Love | Ambitionz Az a Ridah 2Pac
30%
1974 - What's Love Got to Do With It | Proud Mary Tina Turner
24%
1983 - Everybody Wants to Rule the World | Shout Tears for Fears
22%
2001 - Flag of Germany White Lies | Monsoon Tokio Hotel
22%
1988 - Fast Car | Baby Can I Hold You Tracy Chapman
17%
1965 - Happy Together | Elenore The Turtles
14%
1995 - La même tribu | Un homme et une femme Thomas Dutronc
5%
Aucun quiz correspondant
Distribution des résultats
% des personnes avec chaque résultat
Percentile par nombre de réponses
Votre historique - résultats
Vous n’avez pas pris ce quiz